000 00295nam a22001337a 4500
008 170803b xxu||||| |||| 00| 0 eng d
020 _a0471951986
041 _aeng
080 _a004
100 _a32
101 _aSHKI
245 _aFROM IDEA TO WORKING MODEL
_cWILSON, I.G
942 _2udc
_cBK
999 _c22593
_d22593